000 00246nam a2200097Ia 4500
001 714282
005 20250826162902.0
008 250824s9999 xx 000 0 und d
245 0 _aAŞKIMIZA ÇIKIŞ YOK
_c SEVİM ASIMGİL
260 _bHAYAT YAYINLARI
999 _c714282
_d714282